000 00848nas a2200253 4500
001 BR2013004079
003 BR-BrBNA
005 20231205122533.0
007 ta
008 230509b bl.|||p| |||| 00| 00por d
040 _aBR-BrBNA
_bpor
_cBiblioteca Nacional de Agricultura
041 _a(Pt)
072 _aH20
100 1 _aSilva Junior, T.A.F. da
100 1 _aRodrigues, R.B.
100 1 _aMaringoni, A.C.
245 1 _aComparação de métodos de inoculação e determinação do potencial de inóculo para avaliação da severidade da mancha bacteriana da alface
650 _aALFACE
650 _aMANCHA BACTERIANA
650 _aPULVERIZAÇÃO
773 0 _tSumma Phytopathologica (Brazil)
_xISSN 0100-5405
_g(Oct-Dec 2005), v. 31(4) p. 386-388
_wBR2013004079
909 _a202311
_bLúcia
_c55
_dLúcia Elande
942 _2AGRIS
_n0
_cANA
999 _c229163
_d229163